000 00460nam a2200181Ia 4500
005 20250508162640.0
008 008 250505s9999 xx 000 0 hin d
037 _aTextual
040 _aFEDL
_beng
_cFEDL
041 _ahin
_2hin
084 _aB, AVR
_qFEDL
100 _aAurobindo
245 0 _aUttar yogi
260 _aAllahabad, India
_bLokbharti Prakashan
_c1985
300 _a455p.
942 _cTEXL
_hB, AVR
999 _c1377839
_d1377839